The Hobbit: Dwarves by Picture - Statistics

General Stats
  • This quiz has been taken 268 times
  • The average score is 12 of 13
Answer Stats
Picture Answer % Correct
Thorin
100%
Fili
99%
Kili
99%
Balin
95%
Bombur
95%
Bofur
93%
Dwalin
93%
Gloin
93%
Bifur
90%
Oin
89%
Ori
89%
Nori
87%
Dori
86%
No matching quizzes found
Score Distribution
Percent of People with Each Score
Percentile by Number Answered
Your Score History
You have not taken this quiz